Popular Movements and Democratization in the Islamic World / (Record no. 16440)

MARC details
000 -LEADER
fixed length control field 01174cam a22002778a 4500
001 - CONTROL NUMBER
control field 14184980
005 - DATE AND TIME OF LATEST TRANSACTION
control field 20101019122839.0
008 - FIXED-LENGTH DATA ELEMENTS--GENERAL INFORMATION
fixed length control field 051130s2006 nyu b 001 0 eng
010 ## - LIBRARY OF CONGRESS CONTROL NUMBER
LC control number 2005035072
020 ## - INTERNATIONAL STANDARD BOOK NUMBER
International Standard Book Number 0415398967 (hardback : alk. paper)
040 ## - CATALOGING SOURCE
Original cataloging agency DLC
Transcribing agency DLC
Modifying agency DLC
082 00 - DEWEY DECIMAL CLASSIFICATION NUMBER
Classification number 320.91767
Edition number 22
Item number POP
245 00 - TITLE STATEMENT
Title Popular Movements and Democratization in the Islamic World /
Statement of responsibility, etc [edited by] Kisaichi Masatoshi.
260 ## - PUBLICATION, DISTRIBUTION, ETC. (IMPRINT)
Place of publication, distribution, etc New York :
Name of publisher, distributor, etc Routledge,
Date of publication, distribution, etc 2006.
300 ## - PHYSICAL DESCRIPTION
Extent xi, 196 p. :
Other physical details ill. ;
Dimensions 24 cm.
504 ## - BIBLIOGRAPHY, ETC. NOTE
Bibliography, etc Includes bibliographical references and index.
650 #0 - SUBJECT ADDED ENTRY--TOPICAL TERM
Topical term or geographic name as entry element Political culture
Geographic subdivision Islamic countries
Form subdivision Case studies.
9 (RLIN) 28803
650 #0 - SUBJECT ADDED ENTRY--TOPICAL TERM
Topical term or geographic name as entry element Democratization
Geographic subdivision Islamic countries
Form subdivision Case studies.
9 (RLIN) 28804
650 #0 - SUBJECT ADDED ENTRY--TOPICAL TERM
Topical term or geographic name as entry element Islam and politics
Form subdivision Case studies.
9 (RLIN) 28805
651 #0 - SUBJECT ADDED ENTRY--GEOGRAPHIC NAME
Geographic name Islamic countries
General subdivision Politics and government
Form subdivision Case studies.
9 (RLIN) 28806
653 ## - INDEX TERM--UNCONTROLLED
Resource For college
Arrived date list February2012
700 1# - ADDED ENTRY--PERSONAL NAME
Personal name Masatoshi, Kisaichi.
9 (RLIN) 28807
942 ## - ADDED ENTRY ELEMENTS (KOHA)
Source of classification or shelving scheme Dewey Decimal Classification
Item type Book - Borrowing
Holdings
Withdrawn status Item status Source of classification or shelving scheme Damaged status Not for loan Vendor Home library Current library Shelving location Date acquired Source of acquisition Cost, normal purchase price Serial Enumeration / chronology Total Checkouts Total Renewals Full call number Barcode Date last seen Date last borrowed Koha item type
    Dewey Decimal Classification     MERIC Central Library Central Library First floor 12/02/2012   224.00 13168 7 45 320.91767 POP 000026082 15/07/2025 19/10/2016 Book - Borrowing